Plant tissue culture and its biotechnological application: Proceedings of the first International Congress on Medicinal plant research. Germany.1976. (Record no. 27289)

MARC details
000 -LEADER
fixed length control field 00609nam a2200181Ia 4500
082 ## - DEWEY DECIMAL CLASSIFICATION NUMBER
Classification number 57.085.23:581(06)
Item number BAR
245 #0 - TITLE STATEMENT
Title Plant tissue culture and its biotechnological application: Proceedings of the first International Congress on Medicinal plant research. Germany.1976.
260 ## - PUBLICATION, DISTRIBUTION, ETC. (IMPRINT)
Place of publication Berlin
Name of publisher Springer
Year of publication 1977
490 ## - SERIES STATEMENT
Series statement Proceedings in life sciences
650 ## - SUBJECT ADDED ENTRY--TOPICAL TERM
Topical Term Cell culture
650 ## - SUBJECT ADDED ENTRY--TOPICAL TERM
Topical Term Haploid techniques
650 ## - SUBJECT ADDED ENTRY--TOPICAL TERM
Topical Term Organogenesis
650 ## - SUBJECT ADDED ENTRY--TOPICAL TERM
Topical Term Plant tissue culture
650 ## - SUBJECT ADDED ENTRY--TOPICAL TERM
Topical Term Somatic hybridisation
700 ## - ADDED ENTRY--PERSONAL NAME
Personal name BARZ, W
942 ## - ADDED ENTRY ELEMENTS (KOHA)
Koha item type Books
Holdings
Withdrawn status Lost status Damaged status Not for loan Home library Current library Date acquired Full call number Accession Number Koha item type
        RRII Library RRII Library 16/12/2021 57.085.23:581(06) BAR 07916 Books